| 000 | 00443nam a22001697a 4500 | ||
|---|---|---|---|
| 005 | 20160513150408.0 | ||
| 008 | 160513b xxu||||| |||| 00| 0 eng d | ||
| 020 | _a81-297-8110-3 | ||
| 041 | _aeng | ||
| 082 | _b2100 | ||
| 100 |
_aRichad I Henderson _9595 |
||
| 245 | _aCompensation Management in a knowledge based world | ||
| 260 |
_aNEW DELHI _bBABA BARKHA NATH PRINTERS, _c2004 |
||
| 300 | _a623 | ||
| 650 |
_aManagement _9241 |
||
| 942 | _cBK | ||
| 999 |
_c768 _d768 |
||